000 00763nam a2200241Ia 4500
003 OSt
005 20220923213906.0
006 a|||||r|||| 00| 0
007 ta
008 220922b |||||||| |||| 00| 0 hin d
024 _a165,458
037 _cTextual
040 _aARTS
_cARTS
_bhin
041 _2hin
_ahin
082 _aO152,1MRA,1, L0
100 _aरघुनाथदास रामसनेही
245 0 _aविश्राम सागर
246 _aVishrām sāgara
260 _aलखनऊ
_b तेजकुमार
_c1970
650 _aहिन्दी साहित्य
_9156264
942 _hO152,1MRA,1, L0
_cTEXL
_2CC
999 _c319937
_d319937